Normal view
MARC view
- Khaliq, Aniqa
Entry Personal Name
001 - CONTROL NUMBER
- control field: 125639
003 - CONTROL NUMBER IDENTIFIER
- control field: NUST
005 - DATE AND TIME OF LATEST TRANSACTION
- control field: 20240903152849.0
008 - FIXED-LENGTH DATA ELEMENTS
- fixed length control field: 240903|| aca||aabn | a|a d
040 ## - CATALOGING SOURCE
- Original cataloging agency: NUST
- Transcribing agency: NUST
100 ## - HEADING--PERSONAL NAME
- Personal name: Khaliq, Aniqa
670 ## - SOURCE DATA FOUND
- Source citation: Work cat.: (NUST): Khaliq, Aniqa, Parent-Adolescent Relationship, Autonomy and Peer Support as Predictors of Subjective Well-Being among Late Adolescents/
